000 00454nam a2200169 4500
005 20220605110737.0
037 _aBC_457 75
040 _aBC-ENSA
_bfre
041 _afre
_bfre
100 _aVALENTE, E. Gonçalves
245 _aO arroz em moçambique
_nvolume 3
260 _amoçambique
_blourenço marques
_c1968
300 _a600 p.
_bill.
_c24 cm
562 _e exemplaire(s)
650 _aAGRONOMI/MOZAMBIQUE/EAU
942 _c09
999 _c34619
_d62617